Cinq entreprises leader par secteur n°2 - Statistiques

Statistiques générales
  • Ce quiz a été pris 282 fois
  • Le résultat moyen est 11 sur 30
Statistiques - réponses
Pays Entreprises % Correct
Boisson Etats-Unis The Coca-Cola Company
96%
Constructeurs automobiles France/Japon Renault/Nissan/Mitsubishi
91%
Constructeurs automobiles Allemagne Volkswagen
91%
Electronique Corée du Sud Samsung
90%
Téléviseur Corée du Sud Samsung
87%
Constructeurs automobiles Japon Toyota
79%
Constructeurs automobiles Etats-Unis Ford
78%
Electricité France EDF
76%
Electronique Etats-Unis Apple
75%
Assurance France Axa
66%
Boisson Etats-Unis PspsiCo
64%
Electricité France Engie
49%
Téléviseur Corée du Sud LG
49%
Electronique Etats-Unis Microsoft
45%
Boisson Pays-Bas Heineken
29%
Assurance Allemagne Allianz
26%
Electronique Etats-Unis IBM
15%
Constructeurs automobiles Allemagne Daimler
13%
Electronique Etats-Unis Amazon
11%
Boisson Belgique Anheuser-Busch InBev
5%
Téléviseur Chine TCL
4%
Electricité Italie Enel
3%
Assurance Etats-Unis UnitedHealth Group
2%
Assurance Royaume-Uni Prudential
1%
Electricité Japon TEPCO
1%
Boisson Mexique Femsa
0%
Téléviseur Chine Hisense
0%
Assurance Chine Ping An Insurance Group
0%
Téléviseur Chine Skyworth
0%
Electricité Allemagne Uniper
0%
Aucun quiz correspondant
Distribution des résultats
% des personnes avec chaque résultat
Percentile par nombre de réponses
Votre historique - résultats
Vous n’avez pas pris ce quiz